00715nam a22002177a 4500010001500000020001000015035001300025037001500038082001100053100003100064245004000095260004600135270004800181300003000229650003100259650003200290700000900322942002500331999001700356952012400373 aENG-100763 c60.00 aEN-84296 bDBAD / PUB a954.31 aR. Lakshminarayanan914996 aChettinad /cby R. Lakshminarayanan aKaraikudibSevarkotiyon Publicationc2008 aSevarkotiyon PublicationbKaraikudie630006 aV.2. 112 p. c24cm (Pbk)  aHistory of chettiad914997 aHistory of Tamilnadu914998 96162 2ddccENmRLAh954.31 c42311d42311 001040718NFICaDBADbDBADd2010-08-17g60.00l0o954.31 RLApEN-84296r2010-08-17 00:00:00t1v60.00w2010-08-17yEN